000 00611nam a2200181 i 4500
001 136483
003 ES-MaACL
005 20230906195139.0
007 t|
008 070214s1935 mx |||| | spa d
100 1 _aSáenz, Aaron.
_9199741
245 1 0 _aInforme que rinde el c. jefe del Departamento del Distrito Federal de la obra realizada durante el año 1934 /
_cAaron Sènz.
260 _aMéxico :
_b[s.n.],
_c1935 (
_fTall. del Departamento Federal)
300 _a262 p. :
_bil. ;
_c23 cm.
651 4 _aMéxico-
_xPolítica y gobierno.
_9157848
852 _aES-MaACL
_jA-3558
999 _c136483
_d136483